Mechanisms of transcription.

Saved in:
Bibliographic Details
Corporate Author: Cold Spring Harbor Laboratory
Format: Book
Language:English
Published: Cold Spring Harbor, N.Y. : Cold Spring Harbor Laboratory Press, 1998.
Series:Cold Spring Harbor symposia on quantitative biology ; v. 63
Subjects:
LEADER 01482cam a2200349 a 4500
001 c000388182
003 CARM
005 20111114100842.0
008 111114s1998 nyua ab 101 0 eng d
019 1 |a 20898225  |5 LACONCORD2021 
020 |a 0879695501 
020 |a 0879695528 (pbk.) 
035 |a (OCoLC)41269639  |5 LACONCORD2021 
040 |a MH  |b eng  |c MH  |d CStRLIN 
245 0 0 |a Mechanisms of transcription. 
260 |a Cold Spring Harbor, N.Y. :  |b Cold Spring Harbor Laboratory Press,  |c 1998. 
300 |a xxx, 679 p. :  |b ill., maps ;  |c 28 cm. 
490 1 |a Cold Spring Harbor symposia on quantitative biology ;  |v v. 63 
500 |a Papers presented at a symposium held at Cold Spring Harbor Laboratory in 1998. 
504 |a Includes bibliographical references and index. 
506 |a Restricted to licensed organisations with IP address and password. 
530 |a Also available via the World Wide Web. 
538 |a System requirements: Internet connectivity, World Wide Web browser, and Adobe Acrobat reader. 
650 0 |a Genetic transcription  |v Congresses. 
650 0 |a DNA  |v Congresses. 
650 0 |a RNA  |v Congresses. 
655 0 |a Electronic journals 
710 2 |a Cold Spring Harbor Laboratory 
852 8 |b CARM  |p 0577677  |f BK 
830 0 |a Cold Spring Harbor symposia on quantitative biology ;  |v v. 63 
999 f f |i 9f425352-c3b1-5585-aa25-3400dd8a5b66  |s 95d9f60a-e3a9-5047-a4f4-6b33dd6406d8 
952 f f |p Can circulate  |a CAVAL  |b CAVAL  |c CAVAL  |d CARM 1 Store  |i book  |m 0577677